000 003040000a22001450004500
003 MACL
040 _aMACL
090 _c33816
_d33814
100 _aBiow, Lisa
245 _aComputers Second Edition
260 _bTechmedia
_c2002
350 _a99
650 _aComputer science
942 _cBOOK
_k004/Bio
999 _c33461
_d33461